000 00921nam0a22002651 4500
001 rc\4115393
005 20250611095453.0
021 _aRU
_b[56-49363]
035 _a(NLR Aleph) 008148496
090 _a7774020
_c7774020
100 _a20130415d1956 |||y0rusy50 ca
101 0 _arus
102 _aRU
105 _aa z |||a|
200 1 _aВысокое искусство
_eРассказы об успехах хирургии
_e[Для сред. и ст. возраста
_fИл.: Б. Калаушин]
210 _aЛенинград
_cДетгиз. [Ленингр. отд-ние]
_d1956
215 _a195 с.
_cил.
_d21
606 _aХирургия (д. л.)
_2psbo
700 1 _aФридланд
_bЛ.С.
_f1888-1960
_gЛев Семенович
702 1 _aКалаушин
_bБ.
_4440
801 0 _aRU
_bNLR
_gpsbo
801 1 _aRU
_bELAR
_2rusmarc
852 _aNLR
_jДл02 Г-3/2129
942 _cBOOK
980 _aNB